League Champs by Title #2 - Statistics

General Stats
  • This quiz has been taken 8 times
  • The average score is 6 of 15
Answer Stats
Hint Answer % Correct
Daughter of the Void Kai'Sa
80%
the Ancient Fear Fiddlesticks
60%
the Soul's Reflection Mel
60%
the Berserker Olaf
60%
the Rouge Sentinel Akshan
40%
the Weapon of the Faithful Aphelios
40%
the Heart of the Freljord Braum
40%
the Steel Shadow Camille
40%
the Exemplar of Demacia Jarvan IV
40%
the Righteous Kayle
40%
the Butcher of the Sands Renekton
40%
the Crimson Reaper Vladimir
40%
the Rabble Rouser Gragas
20%
the Visionary Hwei
20%
the Voidreaver Kha'Zix
20%
No matching quizzes found
Score Distribution
Percent of People with Each Score
Percentile by Number Answered
Your Score History
You have not taken this quiz